Statystyki dla 15 najludniejszych państw świata

Kliknij tutaj aby rozwiązać quiz!

Ogólne statystyki

  • Ten quiz został rozwiązany 1 073 razy
  • Średni wynik to 10 z 15

Statystyki odpowiedzi

PopulacjaKraj% Poprawnych
1,439,323 000Chiny
99%
331,002 000Stany Zjednoczone
98%
1 380 004 000Indie
96%
145,934 000Rosja
94%
212,559 000Brazylia
89%
126,476 000Japonia
81%
128,932 000Meksyk
76%
273,523 000Indonezja
68%
206,139 000Nigeria
64%
220,892 000Pakistan
61%
102,334 000Egipt
59%
164,689 000Bangladesz
55%
109,581 000Filipiny
37%
97,338 000Wietnam
35%
114,963 000Etiopia
32%

Rozkład punktacji

Percentyl według liczby udzielonych odpowiedzi

Procent ludzi z każdym wynikiem

Twoja historia wyników

Nie rozwiązałeś tego quizu